Statystyki dla Kadra BVB w LM 2019/2020

Kliknij tutaj aby rozwiązać quiz!

Ogólne statystyki

  • Ten quiz został rozwiązany 89 razy
  • Średni wynik to 17 z 23

Statystyki odpowiedzi

pozycja#krajpiłkarz% Poprawnych
B1SUIRoman Burki
97%
O26POLŁukasz Piszczek
96%
N11GERMarco Reus
92%
O15GERMats Hummels
91%
P7ENGJadon Sancho
89%
B35SUIMarwin Hitz
85%
P23BELThorgan Hazard
85%
P13PORRaphael Guerreiro
82%
O16SUIManuel Akanji
81%
P28BELAxel Witsel
78%
O5MARAchraf Hakimi
73%
N9ESPPaco Alcacer
72%
P32USAGiovanni Reyna
71%
O2FRADan Axel Zagadou
70%
P6DENThomas Delaney
67%
P10GERMario Gotze
65%
O29GERMarcel Schmelzer
63%
P19GERJulian Brandt
56%
P8GERMahmoud Dahoud
54%
Trener-SUILucien Favre
53%
O18ARGLeonardo Balerdi
44%
O14GERNico Schulz
43%
O22ESPMateu Morey
42%

Rozkład punktacji

Percentyl według liczby udzielonych odpowiedzi

Procent ludzi z każdym wynikiem

Twoja historia wyników

Nie rozwiązałeś tego quizu